| 000 | 03011cam a22005774i 4500 | ||
|---|---|---|---|
| 003 | PE-LiUPU | ||
| 005 | 20250731170428.0 | ||
| 008 | 190920s2012 pe r 000 0 spa d | ||
| 035 | _a(Sirsi) a252553 | ||
| 040 |
_aPE-LiUPU _bspa _cPE-LiUPU _erda |
||
| 049 | _aPRUA | ||
| 082 | 0 | 4 |
_a158.1 _bD25 _220 |
| 100 | 1 |
_aDarmont, Boris, _eautor. |
|
| 245 | 1 | 0 |
_aSin nombre ni contenido / _cBoris Darmont. |
| 250 | _aPrimera edición. | ||
| 264 | 1 |
_aLima : _bDarmont Enterpises, _c2012. |
|
| 300 |
_a185 páginas ; _c21 centímetros |
||
| 336 |
_atext _2rdacontent |
||
| 337 |
_aunmediated _2rdamedia |
||
| 338 |
_avolume _2rdacarrier |
||
| 505 | 0 | _aIntroducción -- Desarrollo personal -- El conocimiento -- Darse cuenta de la realidad -- Responsabilidad personal -- Aprendizajes -- Identidad personal -- Problemas de identidad y sus influencias en la existencia humana -- La ansiedad -- Inseguridad personal -- Conociéndome a mí mismo -- Mostrar interés por tu pasado y no retroceder -- Manejo de situaciones de conflicto sobre la base de la realidad -- Mecanismos de autodefensa -- Temores y prejuicios -- Crecimiento y desarrollo personal integral -- La autoestima, comienzo y fin -- Cambios -- El temperamento -- Inteligencia y desarrollo personal -- La personalidad antisocial, defectos del desarrollo personal -- La xenofobia -- Oposición sin razón, contreras enpaquetados retrógrados -- Indecisos, no conocidos -- Azuzadores de los defectos de otros -- Visionarios falaces y creadores de enemigos fantasmas -- Los que tienen el síndrome de "producto terminado" -- Personalidad antisocial -- Infuencias religiosas en la formación del ser -- La función de la escuela, la familia, la sociedad en el desarrollo personal -- El chisme y las murmuraciones -- La meditación y el desarrollo de la mente -- La mente y la toma de decisiones -- La metodología de la ciencia de la observación -- El concepto de un ser supremo -- La influencia de los medios -- El libre albedrio y su papel en la formación y desarrollo personal -- La autoeficacia -- Llevar la fiesta en paz y un estilo de vida orientada a la esperanza. | |
| 526 | _aSEG68 | ||
| 526 | _aSEG70 | ||
| 526 | _aSEG69 | ||
| 526 | _aSEG67 | ||
| 526 | _aSEG43 | ||
| 526 | _aP144 | ||
| 526 | _aP143 | ||
| 526 | _aP131 | ||
| 526 | _aP122 | ||
| 526 | _aP120 | ||
| 526 | _aP117 | ||
| 526 | _aP112 | ||
| 526 | _aP110 | ||
| 526 | _aP106 | ||
| 526 | _aP101 | ||
| 526 | _aP80 | ||
| 526 | _aP59 | ||
| 526 | _aP54 | ||
| 526 | _aP35 | ||
| 526 | _aP33 | ||
| 526 | _aP30 | ||
| 650 | 0 | 4 | _aSuperación personal. |
| 650 | 0 | 4 |
_aConducta de vida. _9973 |
| 910 |
_abgr _bncf _cncf _d20190920 |
||
| 942 |
_2ddc _cBOOK |
||
| 994 |
_aC0 _bPEPRU |
||
| 596 | _a1 | ||
| 999 |
_a158.1 D25 _wLC _c31780 _i80600 _f2021-11-3 _g3 _lCCODEBUL1 _mBUL _p12.00 _r0 _sY _tBOOK _u2019-9-20 _xSALUD _zP33 _0DONACION _o.STAFF. Colección Ciencias de la Salud _d31780 |
||
| 980 |
_81 _gALBERTO SANCHEZ Responsable de Automatización |
||